[Event "Glasgow op"]
[Site "Glasgow"]
[Date "2023.11.04"]
[Round "3"]
[White "Ferry, Edward"]
[Black "Doroshenko, Sofia"]
[Result "1-0"]
[WhiteElo "2022"]
[BlackElo "1701"]
[PlyCount "51"]
[EventDate "2023.11.03"]
[EventType "swiss"]
[EventRounds "5"]
[EventCountry "SCO"]
[SourceTitle "Mega2024 Update 01"]
[Source "Chessbase"]
[SourceDate "2023.11.12"]
[SourceVersion "1"]
[SourceVersionDate "2023.11.12"]
[SourceQuality "1"]

1. e4 c5 2. Nf3 Nc6 3. d4 cxd4 4. Nxd4 e6 5. Nc3 a6 6. Nxc6 bxc6 7. Bd3 Nf6 8. Qe2 Be7 9. 0-0 0-0 10. b3 d5 11. Bb2 Bb7 12. Rad1 Qc7 13. f4 c5 14. e5 Nd7 15. Kh1 Rfc8 16. Nb1 Nb6 17. f5 d4 18. fxe6 g6 19. Rxf7 Nd5 20. Bxg6 Ne3 21. Bxh7+ Kh8 22. Be4 Qxe5 23. Bxb7 Bd6 24. g3 Rg8 25. Rxd4 cxd4 26. Bxd4 1-0